Online Catalogue and eLibrary

Ancient Ceylon (Record no. 3508)

MARC details
000 -LEADER
fixed length control field 00464nam a2200193Ia 4500
005 - DATE AND TIME OF LATEST TRANSACTION
control field 20250131011234.0
008 - FIXED-LENGTH DATA ELEMENTS--GENERAL INFORMATION
fixed length control field 240331s9999 xx 000 0 und d
020 ## - INTERNATIONAL STANDARD BOOK NUMBER
ISBN 8120607562
082 ## - DDC Classification
Item Number - Author Mark PAR
Class No. 954
100 ## - MAIN ENTRY--PERSONAL NAME
Personal name Parker, H
245 #0 - TITLE STATEMENT
Title Ancient Ceylon
260 ## - PUBLICATION, DISTRIBUTION, ETC.
Place of publication, distribution, etc. New Delhi
Name of publisher, distributor, etc. Asian Educational Services
Date of publication, distribution, etc. 1992
300 ## - PHYSICAL DESCRIPTION
Extent (e.g. Volumes, Pages etc.) Xiv, 693 p .,
500 ## - GENERAL NOTE
General note
650 ## - SUBJECT ADDED ENTRY--TOPICAL TERM
Topical term or geographic name entry element Ancient Veddas
650 ## - SUBJECT ADDED ENTRY--TOPICAL TERM
Topical term or geographic name entry element Modern Veddas
650 ## - SUBJECT ADDED ENTRY--TOPICAL TERM
Topical term or geographic name entry element Social Divisions
942 ## - Koha item type (Biblio)
Koha item type Books in Stacks (Lending)
Holdings
Lost status Damaged status Collection code Home library Current library Shelving location Date acquired Full call number Accession Number Item type
    Lending WERC Library WERC Library Social Science Cupboard 03/31/2024 954.93 PAR 1499 Books in Stacks (Lending)

© WERC Library